Small Business : Definitions and Demographics.

Describes various definitions of "small business" used by Federal agencies, and estimates the number, size, and sales of such firms.

Bibliographic Details
Corporate Authors: Library of Congress. Congressional Research Service, ProQuest (Firm)
Format: eBook
Language:English
Published: [Place of publication not identified] : [publisher not identified], 1994.
Series:U.S. Congressional Research.
Subjects:
Online Access:Connect to the full text of this electronic book

MARC

Tag First Indicator Second Indicator Subfields
LEADER 00000cam a22000001a 4500
001 in00003357331
006 m d f
007 cr bn mmmapmmp
008 100715s1994 dcu o f000 0 eng d
005 20260429192556.7
035 |a cis2007887239 
040 |a ProQuest  |c ProQuest  |d UtOrBLW 
043 |a n-us--- 
099 |a CRS-1994-ECN-0012 
110 2 |a Library of Congress.  |b Congressional Research Service. 
245 1 0 |a Small Business :  |b Definitions and Demographics. 
264 1 |a [Place of publication not identified] :  |b [publisher not identified],  |c 1994. 
300 |a 1 online resource. 
336 |a text  |b txt  |2 rdacontent 
337 |a computer  |b c  |2 rdamedia 
338 |a online resource  |b cr  |2 rdacarrier 
500 |a Record is based on bibliographic data in ProQuest U.S. Congressional Research Digital Collection (last viewed July 2010). Reuse except for individual research requires license from ProQuest, LLC. 
500 |a CRS Report. 
520 |a Describes various definitions of "small business" used by Federal agencies, and estimates the number, size, and sales of such firms. 
500 |a Electronic resource. 
650 0 |a Small business. 
655 7 |a Electronic books.  |2 local 
710 2 |a ProQuest (Firm) 
776 0 8 |i Microfiche version:   |a Library of Congress.  |b Congressional Research Service.  |t Small Business 
830 0 |a U.S. Congressional Research. 
856 4 0 |u http://proxy.library.tamu.edu/login?url=https://congressional.proquest.com/congcomp/getdoc?CRDC-ID=CRS-1994-ECN-0012  |z Connect to the full text of this electronic book  |t 0 
999 |a MARS 
999 f f |s 224343bf-dac6-3f60-8a86-5165fda55a3f  |i 21fb2add-33c8-3b63-b6d0-0234b1e6fc89  |t 0 
952 f f |a Texas A&M University  |b College Station  |c Electronic Resources  |s www_evans  |d Available Online  |t 0  |e CRS-1994-ECN-0012  |h Other scheme 
998 f f |a CRS-1994-ECN-0012  |t 0  |l Available Online